Animal Industries : Nordic Perspectives on the Exploitation of Animals Since 1860.

Bibliographic Details
Main Author: Syrjämaa, Taina.
Other Authors: Jalava, Marja., Kaarlenkaski, Taija., Latva, Otto., Nikkilä, Eeva., Räsänen, Tuomas.
Format: eBook
Language:English
Published: Berlin/Boston : Walter de Gruyter GmbH, 2024.
Edition:1st ed.
Subjects:
Online Access:Click to View
LEADER 01564nam a22003973i 4500
001 EBC31281599
003 MiAaPQ
005 20240729202206.0
006 m o d |
007 cr cnu||||||||
008 240729s2024 xx o ||||0 eng d
020 |a 9783110787337  |q (electronic bk.) 
035 |a (MiAaPQ)EBC31281599 
035 |a (Au-PeEL)EBL31281599 
040 |a MiAaPQ  |b eng  |e rda  |e pn  |c MiAaPQ  |d MiAaPQ 
082 0 |a 179.30948 
100 1 |a Syrjämaa, Taina. 
245 1 0 |a Animal Industries :  |b Nordic Perspectives on the Exploitation of Animals Since 1860. 
250 |a 1st ed. 
264 1 |a Berlin/Boston :  |b Walter de Gruyter GmbH,  |c 2024. 
264 4 |c {copy}2024. 
300 |a 1 online resource (280 pages) 
336 |a text  |b txt  |2 rdacontent 
337 |a computer  |b c  |2 rdamedia 
338 |a online resource  |b cr  |2 rdacarrier 
588 |a Description based on publisher supplied metadata and other sources. 
590 |a Electronic reproduction. Ann Arbor, Michigan : ProQuest Ebook Central, 2024. Available via World Wide Web. Access may be limited to ProQuest Ebook Central affiliated libraries.  
655 4 |a Electronic books. 
700 1 |a Jalava, Marja. 
700 1 |a Kaarlenkaski, Taija. 
700 1 |a Latva, Otto. 
700 1 |a Nikkilä, Eeva. 
700 1 |a Räsänen, Tuomas. 
776 0 8 |i Print version:  |a Syrjämaa, Taina  |t Animal Industries  |d Berlin/Boston : Walter de Gruyter GmbH,c2024 
797 2 |a ProQuest (Firm) 
856 4 0 |u https://ebookcentral.proquest.com/lib/matrademy/detail.action?docID=31281599  |z Click to View